Szczegóły MARC21

Słownik pojęć ekonomicznych. [Cz. 1], A - O /

005 -DATA I CZAS OSTATNIEJ MODYFIKACJI [,]
    • @
    • pole kontrolne
    • 20080609083252.0
020 -Międzynarod. znormalizowany nr książki - ISBN [ , ]
    • a
    • Numer ISBN
    • 9788301152796 Find
040 -Instytucja sporządzająca opis [ , ]
    • a
    • Instytucja, która sporządziła opis (NP)
    • SZCZ U/ET
    • c
    • Instytucja, która sporządziła rekord (NP)
    • SZCZ U/ET
    • d
    • Instytucja, która zmodyfikowała rekord (P)
    • SZCZ U/JŚ
041 -Język dokumentu [1, ]
    • a
    • Język tekstu (P)
    • polski
    • h
    • Język tekstu oryginalnego i/lub pośredniego (P)
    • angielski
044 -Kraj miejsca wydania [ , ]
    • a
    • Kraj miejsca wydania
    • Polska
942 -Rodzaj dokumentu [ , ]
    • c
    • Rodzaj dokumentu
    • Książka
245 -Strefa tytułu i oznaczenia odpowiedzialności [0,0]
    • a
    • Tytuł
    • Słownik pojęć ekonomicznych. Find
    • n
    • Oznaczenie części (P)
    • [Cz. 1],
    • p
    • Nazwa części (P)
    • A - O /
    • c
    • Pozostałe elementy strefy tytułu i oznaczenia odpowiedzialności (NP)
    • [red. prowadzący tomu: Jadwiga Witecka].
246 -Wariant tytułu [1, ]
    • a
    • Tytuł (NP)
    • Business :
    • b
    • Ciąg dalszy tytułu (NP)
    • the ultimate resource
    • i
    • Tekst wyświetlany na ekranie monitora (NP)
    • Tyt. oryg.
260 -Strefa adresu wydawniczego [ , ]
    • a
    • Miejsce wydania (P)
    • Warszawa :
    • b
    • Nazwa wydawcy (P)
    • Wydawnictwo Naukowe PWN,
    • c
    • Data wydania (P)
    • 2007.
300 -Strefa opisu fizycznego [ , ]
    • a
    • Określenie formy książki i/lub objętość (NP)
    • 231 s. ;
    • c
    • Format (NP)
    • 22 cm.
440 -Strefa serii i książki wielotomowej - forma do wyszukiwania [ ,0]
    • a
    • Tytuł (NP)
    • Biblioteka Gazety Wyborczej. Find
    • p
    • Nazwa części/podserii/sekcji (P)
    • Biznes
    • v
    • Numeracja (NP)
    • t. 9
    • 9
    • KHW
    • 440645
546 -Uwaga dot. języka [ , ]
    • a
    • Uwaga dot. języka
    • Tł. z jęz. ang.
080 -Uniwersalna Klasyfikacja Dziesiętna [ , ]
    • 2
    • Identyfikator wydania tablic
    • UDC-P058
    • a
    • Symbol klasyfikacji
    • 330
    • b
    • Dopowiedzenie
    • Nauki ekonomiczne w ogólności. Ekonomia polityczna.
    • x
    • Poddział wspólny
    • (038)
    • b
    • Dopowiedzenie
    • (Słowniki).
980 -Symbol UKD [ , ]
    • a
    • UKD
    • 330(038)
700 -Hasło dodatkowe - nazwa osobowa [1, ]
    • a
    • Nazwa osobowa (NP)
    • Witecka, Jadwiga. Find
    • e
    • Określenie rodzaju współpracy
    • Red.
920 -ISBN [ , ]
    • a
    • ISBN
    • 978-83-01-15279-6 (ISBN tomu) Find
920 -ISBN [ , ]
    • a
    • ISBN
    • 978-83-01-15281-9 (ISBN serii) Find
Status udost. Numer inwentarzowy Lokalizacja Data inwentaryzacji
-2T.9818T2008-02-15